00446nam a2200181Ia 4500008004100000020001800041050001400059100001900073245002300092245005000115260001500165260001600180260000900196300001400205300002700219300001000246500000800256170918s9999 xx 000 0 und d a9780920668368 bM969 2006 aMunsch, Robert aLove you forever / cRobert Munsch ; illustrated by Sheila McGraw. aNew York : bScholastic, c2006 aunpaged : bcolored illustration ; c21cm. a780